<?xml version="1.0" encoding="UTF-8"?>
<record
    xmlns:xsi="http://www.w3.org/2001/XMLSchema-instance"
    xsi:schemaLocation="http://www.loc.gov/MARC21/slim http://www.loc.gov/standards/marcxml/schema/MARC21slim.xsd"
    xmlns="http://www.loc.gov/MARC21/slim">

  <leader>00187nam a22000857a 4500</leader>
  <controlfield tag="001">1301012</controlfield>
  <controlfield tag="005">20260424104808.0</controlfield>
  <datafield tag="245" ind1=" " ind2=" ">
    <subfield code="a">D&#x130;L VE &#x130;&#x15E;GAL</subfield>
    <subfield code="c">TAHA KILIN&#xC7;</subfield>
  </datafield>
  <datafield tag="260" ind1=" " ind2=" ">
    <subfield code="b">KETEBE YAYINLARI</subfield>
  </datafield>
  <datafield tag="999" ind1=" " ind2=" ">
    <subfield code="c">1301012</subfield>
    <subfield code="d">1301012</subfield>
  </datafield>
  <datafield tag="952" ind1=" " ind2=" ">
    <subfield code="0">0</subfield>
    <subfield code="1">0</subfield>
    <subfield code="2">ddc</subfield>
    <subfield code="4">0</subfield>
    <subfield code="7">0</subfield>
    <subfield code="a">1082</subfield>
    <subfield code="b">1082</subfield>
    <subfield code="d">2026-04-24</subfield>
    <subfield code="l">0</subfield>
    <subfield code="p">108213780</subfield>
    <subfield code="r">2026-04-24 10:49:06</subfield>
    <subfield code="w">2026-04-24</subfield>
    <subfield code="y">BK</subfield>
  </datafield>
</record>
